| 000 | 00445nam a2200181Ia 4500 | ||
|---|---|---|---|
| 999 |
_c31799 _d31799 |
||
| 003 | OSt | ||
| 005 | 20250522163459.0 | ||
| 008 | 250310s9999||||xx |||||||||||||| ||und|| | ||
| 020 | _a0-09-942154-2 | ||
| 040 | _c. | ||
| 082 |
_a823.914 _bH3411 |
||
| 100 |
_95889 _aHarvey, John |
||
| 245 | 0 |
_aRough treatment / _cJohn Harvey |
|
| 260 |
_aLondon : _bArrow books, _c2002. |
||
| 300 | _a344 p. | ||
| 650 | 0 |
_92474 _aEnglish fiction |
|
| 942 |
_cBK _2ddc |
||